El acoso de Dios (Record no. 122943)

MARC details
000 -LEADER
campo de control de longitud fija 00751nam a2200229 4500
001 - NÚMERO DE CONTROL
campo de control 122943
003 - IDENTIFICADOR DE NÚMERO DE CONTROL
campo de control ES-MaACL
005 - FECHA Y HORA DE LA ÚLTIMA TRANSACCIÓN
campo de control 20230906192055.0
007 - CAMPO FIJO DE DESCRIPCIÓN FÍSICA--INFORMACIÓN GENERAL
campo de control de longitud fija t|
008 - DATOS DE LONGITUD FIJA--INFORMACIÓN GENERAL
campo de control de longitud fija 070214s1978 sp r ||||0| spa d
100 1# - ENTRADA PRINCIPAL--NOMBRE DE PERSONA
Nombre de persona Pronzato, Alessandro.
9 (RLIN) 94030
245 13 - MENCIÓN DEL TÍTULO
Título El acoso de Dios
Resto del título : meditaciones sobre la vida religiosa según el año litúrgico /
Mención de responsabilidad, etc. Alessandro Pronzato ; tradujeron G. González y G. Mártil.
Número de parte o sección de la obra , . III,
Nombre de parte o sección de la obra Cuaresma y Pascua.
250 ## - MENCION DE EDICION
Mención de edición 5ª ed.
260 ## - PUBLICACIÓN, DISTRIBUCIÓN, ETC.
Lugar de publicación, distribución, etc. Salamanca :
Nombre del editor, distribuidor, etc. Sígueme,
Fecha de publicación, distribución, etc. 1978.
300 ## - DESCRIPCIÓN FÍSICA
Extensión 311 p ;
Dimensiones 21 cm.
490 1# - MENCIÓN DE SERIE
Mención de serie Nueva Alianza
700 1# - ENTRADA AGREGADA--NOMBRE PERSONAL
Nombre de persona González, G.
9 (RLIN) 58314
700 1# - ENTRADA AGREGADA--NOMBRE PERSONAL
Nombre de persona Mártil, G.
9 (RLIN) 77254
830 0# - PUNTO DE ACCESO ADICIONAL DE SERIE-TÍTULO UNIFORME
Título uniforme Nueva Alianza
9 (RLIN) 181320
852 ## - LOCALIZACIÓN
Ubicación ES-MaACL
Número de control de estantería A-9511
Sublocalización o colección R.98401
Holdings
Estatus retirado Estado de pérdida Estado de daño No para préstamo Biblioteca de origen Biblioteca actual Ubicación en estantería Fecha de adquisición Fuente de adquisición Total de préstamos Signatura topográfica completa Código de barras Visto por última vez Precio de reemplazo Tipo de ítem Koha
        Biblioteca del Ateneo de Madrid Biblioteca del Ateneo de Madrid Depósito 1 17/01/2008     A-9511 1128111 23/02/2023 23/02/2023 Libro impreso